000
00201nam a22000977a 4500
999
_c
16240
_d
16240
003
OSt
008
200625b ||||| |||| 00| 0 eng d
100
_a
Bramstocker
_9
4640
245
_a
Drakula
942
_c
BK